| 000 | 00846nam a2200229 a 4500 | ||
|---|---|---|---|
| 001 | 64785 | ||
| 003 | BD-RjUL | ||
| 005 | 20211209081342.0 | ||
| 008 | 170222s1955 ii |||| |||| 000 0 ben d | ||
| 020 | _c: Tk. 2.00 | ||
| 035 | _a(BD-RjUL)64915 | ||
| 040 |
_aBD-RjUL _bben _cBD-RjUL _dBD-RjUL |
||
| 041 | _aben | ||
| 082 |
_223 _a780.954 _bMIB 1955 |
||
| 100 | 1 |
_aমিত্র, শ্রীরাজ্যেশর _9186159 |
|
| 245 | 1 |
_aবাংলার সঙ্গীত : _bমধ্যযুগ / _cশ্রীরাজ্যেশর মিত্র |
|
| 260 |
_aকলিকাতা : _bমিত্রালয় ; _c১৯৫৫ [১৩৬২] |
||
| 300 |
_a১০১ পৃ. ; _c১৭ সেমি. |
||
| 650 |
_aসঙ্গীত _zবাংলাদেশ _9178124 |
||
| 650 |
_aMusic _zBangladesh _9192100 |
||
| 942 |
_2ddc _cBK |
||
| 999 |
_c64785 _d64785 |
||